Wahrnehmung der Natur, Natur der Wahrnehmung : Studien zur Geschichte visueller Kultur um 1800 ; [Tagung ... "Wahrnehmung der Natur - Natur der Wahrnehmung: Sehen und Sichtweisen um 1800" vom 11. - 13. Juni 1998 am Interdisziplinären Zentrum für die Erforschung der Europäischen Aufklärung in Halle]

Saved in:
Bibliographic Details
Other Authors: Dürbeck, Gabriele (Editor, Hrsg.)
Document Type: Book
Language:German
Published: Dresden [u.a.] : Verl. der Kunst , 2001
Subjects:
Online Access:Rezension
Rezension
Rezension
Rezension
Book review (H-Net)
Related Items:Rezension: Eine Geschichte des Blicks
Rezensiert in: [Rezension von: Gabriele Dürbeck / Bettina Gockel / Susanne B. Keller (Hrsg.), Wahrnehmung der Natur - Natur der Wahrnehmung]
Rezensiert in: [Rezension von: Gabriele Dürbeck (Hrsg.), Wahrnehmung der Natur, Natur der Wahrnehmung. Studien zur Geschichte visueller Kultur um 1800]
Author Notes:hrsg. von Gabriele Dürbeck ...
LEADER 08796cam a2201309 c 4500
001 324371403
003 DE-627
005 20260421104206.0
007 tu
008 010131s2001 gw ||||| 00| ||ger c
015 |a 01,N07,0675  |2 dnb 
015 |a 01,A39,1260  |2 dnb 
016 7 |a 960543813  |2 DE-101 
020 |a 9057051672  |q (brosch.)  |9 90-5705-167-2 
035 |a (DE-627)324371403 
035 |a (DE-603)095595481 
035 |a (DE-576)090725824 
035 |a (DE-599)DNB960543813 
035 |a (OCoLC)248721187 
035 |a (OCoLC)722732863 
035 |a (OCoLC)46669464 
040 |a DE-627  |b ger  |c DE-627  |e rakwb 
041 |a ger 
044 |c XA-DE 
050 0 |a NX650.V54 
082 0 |a 306.4 
084 |a 01  |a 10  |a 11  |a 26  |a 46  |2 sdnb 
084 |a 46  |2 sdnb 
084 |a 46  |a 26  |a 11  |a 10  |a 01  |2 sdnb 
084 |a LH 61090  |2 rvk  |0 (DE-625)rvk/94209: 
084 |a LH 61040  |q OBV  |2 rvk  |0 (DE-625)rvk/94202: 
084 |a LH 65810  |q OBV  |2 rvk  |0 (DE-625)rvk/94561:12026 
084 |a LH 61100  |q OBV  |2 rvk  |0 (DE-625)rvk/94210: 
084 |a LH 65780  |2 rvk  |0 (DE-625)rvk/94558: 
084 |a CP 2500  |2 rvk  |0 (DE-625)rvk/18974: 
084 |a TB 6500  |q BVB  |2 rvk  |0 (DE-625)rvk/143789: 
084 |a LH 64900  |q OBV  |2 rvk  |0 (DE-625)rvk/94513: 
084 |a LH 61020  |2 rvk  |0 (DE-625)rvk/94201: 
084 |a NU 1500  |2 rvk  |0 (DE-625)rvk/131112: 
084 |a 20.05  |2 bkl 
084 |a 77.40  |2 bkl 
084 |a 20.00  |2 bkl 
084 |a 15.34  |2 bkl 
245 0 0 |a Wahrnehmung der Natur, Natur der Wahrnehmung  |b Studien zur Geschichte visueller Kultur um 1800 ; [Tagung ... "Wahrnehmung der Natur - Natur der Wahrnehmung: Sehen und Sichtweisen um 1800" vom 11. - 13. Juni 1998 am Interdisziplinären Zentrum für die Erforschung der Europäischen Aufklärung in Halle]  |c hrsg. von Gabriele Dürbeck ... 
263 |a brosch. : DM 58.00, sfr 51.60, S 424.00 
264 1 |a Dresden [u.a.]  |b Verl. der Kunst  |c 2001 
300 |a 319 S.  |b Ill., graph. Darst.  |c 24 cm 
336 |a Text  |b txt  |2 rdacontent 
337 |a ohne Hilfsmittel zu benutzen  |b n  |2 rdamedia 
338 |a Band  |b nc  |2 rdacarrier 
500 |a Literaturangaben 
648 7 |a Geschichte 1730-1850  |2 gnd 
648 7 |a Geschichte 1800-1899  |2 gnd 
648 7 |a Geschichte 1700-1799  |2 gnd 
648 4 |a Geschichte 1730-1850 
650 0 |a Visual perception  |x Congresses 
650 0 |a Nature (Aesthetics)  |x Congresses 
650 0 |a Arts, European  |x Congresses  |x 18th century 
650 0 |a Arts, European  |x Congresses  |x 19th century 
650 0 7 |0 (DE-588)4078921-4  |0 (DE-627)104609702  |0 (DE-576)20921046X  |a Visuelle Wahrnehmung  |2 gnd 
650 0 7 |0 (DE-588)4114333-4  |0 (DE-627)105822957  |0 (DE-576)209483733  |a Kunst  |2 gnd 
650 0 7 |0 (DE-588)4041421-8  |0 (DE-627)106219324  |0 (DE-576)209044837  |a Naturwissenschaften  |2 gnd 
650 0 7 |0 (DE-588)4115346-7  |0 (DE-627)105815063  |0 (DE-576)209492430  |a Natur  |g Motiv  |2 gnd 
650 0 7 |0 (DE-588)4000626-8  |0 (DE-627)106400541  |0 (DE-576)208838821  |a Ästhetik  |2 gnd 
650 0 7 |0 (DE-588)4054260-9  |0 (DE-627)10616337X  |0 (DE-576)209108010  |a Sehen  |2 gnd 
650 0 7 |0 (DE-588)4125698-0  |0 (DE-627)104470348  |0 (DE-576)209578750  |a Kultur  |2 gnd 
655 7 |a Konferenzschrift  |y 1998  |z Halle, Saale  |0 (DE-588)1071861417  |0 (DE-627)826484824  |0 (DE-576)433375485  |2 gnd-content 
689 0 0 |d s  |0 (DE-588)4078921-4  |0 (DE-627)104609702  |0 (DE-576)20921046X  |a Visuelle Wahrnehmung  |2 gnd 
689 0 1 |d s  |0 (DE-588)4114333-4  |0 (DE-627)105822957  |0 (DE-576)209483733  |a Kunst  |2 gnd 
689 0 2 |d s  |0 (DE-588)4041421-8  |0 (DE-627)106219324  |0 (DE-576)209044837  |a Naturwissenschaften  |2 gnd 
689 0 3 |a z  |2 gnd  |a Geschichte 1730-1850 
689 0 |5 DE-101 
700 1 |a Dürbeck, Gabriele  |d 1961-  |e Hrsg.  |0 (DE-588)133883272  |0 (DE-627)557870437  |0 (DE-576)30016954X  |4 edt 
710 2 |a Interdisziplinäres Zentrum für die Erforschung der Europäischen Aufklärung  |0 (DE-588)5231283-5  |0 (DE-627)231699484  |0 (DE-576)196401348  |4 oth 
787 0 8 |i Rezension  |a Hochadel, Oliver, 1968 -   |t Eine Geschichte des Blicks  |d 2005  |w (DE-627)75054421X 
787 0 8 |i Rezensiert in  |a Kornmeier, Uta  |t [Rezension von: Gabriele Dürbeck / Bettina Gockel / Susanne B. Keller (Hrsg.), Wahrnehmung der Natur - Natur der Wahrnehmung]  |d 2002  |w (DE-627)1920626379 
787 0 8 |i Rezensiert in  |a Zimmermann, Anja, 1968 -   |t [Rezension von: Gabriele Dürbeck (Hrsg.), Wahrnehmung der Natur, Natur der Wahrnehmung. Studien zur Geschichte visueller Kultur um 1800]  |d 2001  |w (DE-627)1969232404 
856 4 2 |u https://swbplus.bsz-bw.de/bsz090725824rez.htm  |m V:DE-576  |v 2005-08-17  |3 Rezension  |7 1 
856 4 2 |u https://swbplus.bsz-bw.de/bsz090725824rez-1.htm  |m V:DE-576  |v 2005-08-17  |3 Rezension  |7 1 
856 4 2 |u http://www.sehepunkte.de/2002/12/3509.html  |m V:DE-576;X:Sehepunkte  |q text/html  |v 20180423160624  |3 Rezension  |7 1 
856 4 2 |u http://scans.hebis.de/HEBCGI/show.pl?09559548_rez.pdf  |m V:DE-576  |q application/pdf  |3 Rezension  |7 1 
856 4 2 |u http://www.h-net.org/review/hrev-a0c2w7-aa  |x Verlag  |y Book review (H-Net)  |7 1 
889 |w (DE-627)079971490 
935 |a BGTS 
935 |i Blocktest 
936 r v |a LH 61090  |b Bildforschung; Bildwissenschaft; visual culture studies (insbes. Sammelbände und Reihen)  |k Kunstgeschichte  |k Allgemeines. Allgemeine Kunstgeschichte  |k Theorie und Praxis der Bildenden Kunst  |k Theorie der Bildenden Kunst  |k Bildforschung; Bildwissenschaft; visual culture studies (insbes. Sammelbände und Reihen)  |0 (DE-627)1479151343  |0 (DE-625)rvk/94209:  |0 (DE-576)409151343 
936 r v |a LH 61040  |b Ästhetik der Bildenden Kunst und ihre Geschichte  |k Kunstgeschichte  |k Allgemeines. Allgemeine Kunstgeschichte  |k Theorie und Praxis der Bildenden Kunst  |k Theorie der Bildenden Kunst  |k Ästhetik der Bildenden Kunst und ihre Geschichte  |0 (DE-627)1270636383  |0 (DE-625)rvk/94202:  |0 (DE-576)200636383 
936 r v |a LH 65810  |b allgemein  |k Kunstgeschichte  |k Allgemeines. Allgemeine Kunstgeschichte  |k Allgemeine Kunstgeschichte: Darstellungen  |k Darstellungen einzelner Epochen  |k Mittlere und neuere Kunstgeschichte  |k Neuzeit  |k 19. und 20. Jahrhundert  |k 19. Jahrhundert  |k allgemein  |0 (DE-627)1270644262  |0 (DE-625)rvk/94561:12026  |0 (DE-576)200644262 
936 r v |a LH 61100  |b Beziehungen der Kunst zu anderen Gebieten (z.B. Kunst und Religion, Kunst und Moral)  |k Kunstgeschichte  |k Allgemeines. Allgemeine Kunstgeschichte  |k Theorie und Praxis der Bildenden Kunst  |k Theorie der Bildenden Kunst  |k Beziehungen der Kunst zu anderen Gebieten (z.B. Kunst und Religion, Kunst und Moral)  |0 (DE-627)1270641689  |0 (DE-625)rvk/94210:  |0 (DE-576)200641689 
936 r v |a LH 65780  |b Klassizismus, Romantik  |k Kunstgeschichte  |k Allgemeines. Allgemeine Kunstgeschichte  |k Allgemeine Kunstgeschichte: Darstellungen  |k Darstellungen einzelner Epochen  |k Mittlere und neuere Kunstgeschichte  |k Neuzeit  |k Klassizismus, Romantik  |0 (DE-627)1270642367  |0 (DE-625)rvk/94558:  |0 (DE-576)200642367 
936 r v |a CP 2500  |b Wahrnehmung speziell (z.B. Sehen, Hören)  |k Psychologie  |k Allgemeine Psychologie  |k Wahrnehmung speziell (z.B. Sehen, Hören)  |0 (DE-627)1271327511  |0 (DE-625)rvk/18974:  |0 (DE-576)201327511 
936 r v |a TB 6500  |b Sonstige Beziehungen zu einzelnen Wissensgebieten  |k Allgemeine Naturwissenschaft  |k Grenzfragen der Naturwissenschaften  |k Sonstige Beziehungen zu einzelnen Wissensgebieten  |0 (DE-627)1271480751  |0 (DE-625)rvk/143789:  |0 (DE-576)201480751 
936 r v |a LH 64900  |b 20. Jahrhundert  |k Kunstgeschichte  |k Allgemeines. Allgemeine Kunstgeschichte  |k Allgemeine Kunstgeschichte: Quellen  |k Quellenschriften zur gesamten Kunstgeschichte  |k Gesammelte Aufsätze mehrerer Künstler bzw. Kunstschriftsteller des 19., 20. und 21. Jahrhunderts  |k 20. Jahrhundert  |0 (DE-627)1270637940  |0 (DE-625)rvk/94513:  |0 (DE-576)200637940 
936 r v |a LH 61020  |b Kunsttheorie und Geschichte der Kunsttheorie  |k Kunstgeschichte  |k Allgemeines. Allgemeine Kunstgeschichte  |k Theorie und Praxis der Bildenden Kunst  |k Theorie der Bildenden Kunst  |k Kunsttheorie und Geschichte der Kunsttheorie  |0 (DE-627)1270641891  |0 (DE-625)rvk/94201:  |0 (DE-576)200641891 
936 r v |a NU 1500  |b Allgemeines  |k Geschichte  |k Geschichte der Wissenschaften und des Unterrichtswesens  |k Geschichte der Wissenschaften  |k Allgemeines  |k Allgemeines  |0 (DE-627)1441072365  |0 (DE-625)rvk/131112:  |0 (DE-576)371072360 
936 b k |a 20.05  |j Kunst in Beziehung zu anderen Wissenschaftsgebieten  |0 (DE-627)106415824 
936 b k |a 77.40  |j Wahrnehmungspsychologie  |0 (DE-627)106413945 
936 b k |a 20.00  |j Kunstwissenschaften: Allgemeines  |0 (DE-627)106406493 
936 b k |a 15.34  |j Europäische Geschichte 1492-1789  |0 (DE-627)181569574 
936 s n |a l300  |2 mzub 
936 s n |a n100  |2 mzub 
936 s n |a t100  |2 mzub 
936 s n |a c200  |2 mzub 
936 s n |a c100  |2 mzub 
936 s n |a a100  |2 mzub 
951 |a BO 
990 |a Visuelle Wahrnehmung 
990 |a Kunst 
990 |a Naturwissenschaften 
990 |a Geschichte 1730-1850 
991 |a Rezensiertes Werk 
999 |a KXP-PPN324371403  |e 4955582966